| 000 | 00590nam a2200229Ia 4500 | ||
|---|---|---|---|
| 003 | OSt | ||
| 005 | 20221005130826.0 | ||
| 006 | a|||||r|||| 00| 0 | ||
| 007 | ta | ||
| 008 | 221004b |||||||| |||| 00| 0 ben d | ||
| 020 | _c90 | ||
| 024 | _a24731 | ||
| 037 |
_b1036, 19/03/2009, Subha Book Centre _cTextual |
||
| 040 |
_aCRL _cCRL _bben |
||
| 041 |
_2ben _aben |
||
| 082 | _aNR4475, 157P6 | ||
| 245 | 0 | _aSangeet sangrah | |
| 260 | _c2006 | ||
| 650 | _aARTS | ||
| 942 |
_hNR4475, 157P6 _cTEXL _2cc |
||
| 999 |
_c1058530 _d1058530 |
||